Tilastot visalle Sri Lanka -visa

Klikkaa tästä pelataksesi tätä visaa!

Yleistilastot

  • Tätä visaa on pelattu 156 kertaa
  • Keskiarvotulos 11 / 17

Vastaustilastot

VihjeVastaus% Oikein
Yleisin uskontoBuddhalaisuus
88%
Lipussa oleva eläinLeijona
86%
Valtio, josta Sri Lanka itsenäistyi vuonna 1948Yhdistynyt kuningaskunta
85%
Suosituin urheilulajiKriketti
83%
PääkaupunkiKotte
79%
Väkirikkain kaupunkiColombo
78%
Vuonna 1960 Sirimavo Bandaranaikesta
tuli maailman ensimmäinen _____ pääministeri
Naispuolinen
77%
Lahti Sri Lankasta koilliseen{Bengalin}lahti
69%
Sri Lankan siirtomaa-aikainen nimiCeylon
67%
Viralliset kieletTamili
66%
Lehti, joka kattaa 7 % Sri Lankan viennistäTee
63%
ValuuttaRupia
62%
Sanan "lanka" tarkoitusSaari
49%
Viralliset kieletSinhali
45%
Sri Lanka on Aasian vanhin ______ (vuodesta 1931 lähtien)Demokratia
44%
Suurin kaupunki Sri Lankan keskiosissaKandy
35%
Särkkäjono, joka yhdistää Intian ja Sri Lankan{Aatamin}silta
33%

Tulosjakauma

Persentiili vastausten määrän mukaan

Jokaisen tuloksen saaneiden osuus

Tuloshistoriasi

Et ole pelannut tätä visaa